Nouvelles tables numériques pour les fonctions usuelles de l'analyse /
Guardado en:
| Autor Principal: | |
|---|---|
| Otros Autores: | |
| Formato: | Libro |
| Idioma: | French |
| Publicado: |
Paris :
Gauthier-Villars,
1968, c1964.
|
| Edición: | 3e éd. rev. et corr. / |
| Materias: | |
| Etiquetas: |
Agregar Etiqueta
Sin Etiquetas, Sea el primero en etiquetar este registro!
|
| LEADER | 00647cam a22001935a 4500 | ||
|---|---|---|---|
| 001 | MAT.inmabb002780 | ||
| 008 | 831201t19681964fr############000#0#fre## | ||
| 005 | 20170825161040.0 | ||
| 245 | 1 | 0 | |a Nouvelles tables numériques pour les fonctions usuelles de l'analyse / |c L. Flavien. |
| 250 | |a 3e éd. rev. et corr. / |b avec la collaboration de Jean Faure. | ||
| 260 | |a Paris : |b Gauthier-Villars, |c 1968, c1964. | ||
| 300 | |a 71 p. ; |c 21 cm. | ||
| 100 | 1 | |a Flavien, L. | |
| 700 | 1 | |a Faure, Jean. |4 clb | |
| 650 | 0 | |a Mathematics |v Tables. | |
| 084 | |a 65A05 |2 msc2000 | ||
| 010 | |a 77370956 | ||
| 040 | |a DLC |c CarP |d DLC | ||
| 859 | |h 65 |i F589-3 |p A-5238 |b BIB. MATEMATICA | ||
